Masters Tournament Champions - Statistics

General Stats
  • This quiz has been taken 7 times
  • The average score is 59 of 90
Answer Stats
Hint Answer % Correct
2014 Bubba Watson
100%
2012 Bubba Watson
100%
2020 Dustin Johnson
100%
2021 Hideki Matsuyama
100%
2023 Jon Rahm
100%
2015 Jordan Spieth
100%
2026 Rory McIlroy
100%
2025 Rory McIlroy
100%
2024 Scottie Scheffler
100%
2022 Scottie Scheffler
100%
2017 Sergio Garcia
100%
2019 Tiger Woods
100%
2005 Tiger Woods
100%
2002 Tiger Woods
100%
2001 Tiger Woods
100%
1997 Tiger Woods
100%
1992 Fred Couples
86%
1986 Jack Nicklaus
86%
1975 Jack Nicklaus
86%
1972 Jack Nicklaus
86%
1998 Mark O'Meara
86%
1996 Nick Faldo
86%
1990 Nick Faldo
86%
1989 Nick Faldo
86%
2018 Patrick Reed
86%
2010 Phil Mickelson
86%
2006 Phil Mickelson
86%
2004 Phil Mickelson
86%
2000 Vijay Singh
86%
2007 Zach Johnson
86%
2013 Adam Scott
71%
2009 Angel Cabrera
71%
1964 Arnold Palmer
71%
1962 Arnold Palmer
71%
1995 Ben Crenshaw
71%
1993 Bernhard Langer
71%
1985 Bernhard Langer
71%
2011 Charl Schwartzel
71%
2016 Danny Willett
71%
1978 Gary Player
71%
1974 Gary Player
71%
1991 Ian Woosnam
71%
1966 Jack Nicklaus
71%
1965 Jack Nicklaus
71%
1963 Jack Nicklaus
71%
1999 Jose Maria Olazabal
71%
1994 Jose Maria Olazabal
71%
1987 Larry Mize
71%
2003 Mike Weir
71%
1988 Sandy Lyle
71%
1983 Seve Ballesteros
71%
1980 Seve Ballesteros
71%
1981 Tom Watson
71%
1977 Tom Watson
71%
2008 Trevor Immelman
71%
1960 Arnold Palmer
57%
1958 Arnold Palmer
57%
1984 Ben Crenshaw
57%
1953 Ben Hogan
57%
1951 Ben Hogan
57%
1982 Craig Stadler
57%
1979 Fuzzy Zoeller
57%
1961 Gary Player
57%
1935 Gene Sarazen
57%
1954 Sam Snead
57%
1952 Sam Snead
57%
1971 Charles Coody
43%
1949 Sam Snead
43%
1959 Art Wall Jr.
29%
1970 Billy Casper
29%
1968 Bob Goalby
29%
1942 Byron Nelson
29%
1937 Byron Nelson
29%
1955 Cary Middlecoff
29%
1948 Claude Harmon
29%
1941 Craig Wood
29%
1957 Doug Ford
29%
1967 Gay Brewer
29%
1969 George Archer
29%
1938 Henry Picard
29%
1946 Herman Keiser
29%
1936 Horton Smith
29%
1934 Horton Smith
29%
1956 Jack Burke Jr.
29%
1950 Jimmy Demaret
29%
1947 Jimmy Demaret
29%
1939 Ralph Guldahl
29%
1976 Raymond Floyd
29%
1973 Tommy Aaron
29%
1940 Jimmy Damaret
0%
No matching quizzes found
Score Distribution
Percent of People with Each Score
Percentile by Number Answered
Your Score History
You have not taken this quiz